Estadísticas para Letra Always on my mind - Elvis Presley

Haz click aquí para intentar la prueba.

Estadísticas generales

  • Esta prueba ha sido intentada 12 veces
  • La puntuación promedio es 129 de 200

Estadísticas de respuestas

Letra% Correcto
always
100%
I
100%
mind
100%
my
100%
on
100%
you
100%
You
100%
the
78%
were
78%
could
67%
love
67%
to
67%
was
67%
have
56%
Maybe
56%
never
56%
should
56%
so
56%
that
56%
treat
56%
your
56%
All
44%
And
44%
and
44%
as
44%
didn't
44%
died
44%
done
44%
give
44%
Give
44%
good
44%
happy
44%
hasn't
44%
if
44%
Little
44%
made
44%
me
44%
often
44%
Quite
44%
quite
44%
said
44%
satisfied
44%
sorry
44%
sweet
44%
tell
44%
Tell
44%
told
44%
took
44%
best
33%
blind
33%
chance
33%
feel
33%
Girl
33%
guess
33%
hold
33%
I'm
33%
just
33%
keep
33%
lonely
33%
mine
33%
more
33%
one
33%
second
33%
things
33%
those
33%
time
33%
times
33%
you're
33%

Distribución de puntuación

Porcentaje por número respondido

Porcentaje de gente con cada puntuación

Historial de tus puntuaciones

No has intentado esta prueba.